法国的海外领地有哪些? - Statistics

General Stats
  • This quiz has been taken 103 times
  • The average score is 5 of 13
Answer Stats
行政区划 名称 % Correct
海外大区(省) 法属圭亚那
98%
海外大区(省) 留尼汪
62%
海外行政区域(海外集体) 法属波利尼西亚
57%
特别行政区域 新喀里多尼亚
52%
海外大区(省) 瓜德罗普
40%
海外大区(省) 马提尼克
40%
海外行政区域(海外集体) 圣马丁
31%
海外行政区域(海外集体) 圣皮埃尔和密克隆
26%
海外大区(省) 马约特
22%
其他海外属地 法属南部和南极领地
17%
海外行政区域(海外集体) 瓦利斯和富图纳
11%
海外行政区域(海外集体) 圣巴泰勒米
10%
其他海外属地 克利珀顿岛
3%
No matching quizzes found
Score Distribution
Percent of People with Each Score
Percentile by Number Answered
Your Score History
You have not taken this quiz